Statistics for 110-Meter And 100-Meter Hurdles World Leads by Year

Click here to take the quiz!

General Stats

  • This quiz has been taken 35 times
  • The average score is 30 of 84

Answer Stats

YearAnswerTimeCountry% Correct
2000Allen Johnson12.97United States
73%
1998Allen Johnson12.98United States
73%
1997Allen Johnson12.93United States
73%
2003Allen Johnson12.97United States
73%
1996Allen Johnson12.92United States
73%
1995Allen Johnson12.98United States
73%
2001Allen Johnson13.04United States
73%
2012Aries Merritt12.80United States
73%
1992Colin Jackson13.04United Kingdom
73%
1993Colin Jackson12.91United Kingdom
73%
1994Colin Jackson12.98United Kingdom
73%
1990Colin Jackson13.08United Kingdom
73%
2009Dayron Robles13.04Cuba
73%
2007Dayron Robles12.92Cuba
73%
2008Dayron Robles12.87Cuba
73%
1993Gail Devers12.46United States
73%
1999Gail Devers12.37United States
73%
2000Gail Devers12.33United States
73%
2002Gail Devers12.40United States
73%
2003Gail Devers12.45United States
73%
2004Liu Xiang12.91China
64%
2006Liu Xiang12.88China
64%
2007Liu Xiang12.92China
64%
2011Sally Pearson12.28Australia
55%
2012Sally Pearson12.35Australia
55%
1988Yordanka Donkova12.21Bulgaria
55%
1986Yordanka Donkova12.26Bulgaria
55%
1982Yordanka Donkova12.44Bulgaria
55%
2002Anier Garcia13.03Cuba
45%
2010David Oliver12.89United States
45%
2011David Oliver12.94United States
45%
2013David Oliver13.00United States
45%
2017Omar McLeod12.90Jamaica
45%
2016Omar McLeod12.98Jamaica
45%
2013Brianna Rollins12.26United States
36%
2014Hansle Parchment12.94Jamaica
36%
2016Kendra Harrison12.20United States
36%
2017Kendra Harrison12.28United States
36%
1989Roger Kingdom12.92United States
36%
1985Roger Kingdom13.14United States
36%
1988Roger Kingdom12.97United States
36%
2003Brigitte Foster-Hylton12.45Jamaica
27%
2009Brigitte Foster-Hylton12.46Jamaica
27%
1982Greg Foster13.22United States
27%
1983Greg Foster13.11United States
27%
1984Greg Foster13.15United States
27%
1978Greg Foster13.22United States
27%
1987Greg Foster13.17United States
27%
2005Ladji Doucoure12.97France
27%
1997Ludmila Engquist12.50Sweden
27%
1996Ludmila Engquist12.47Sweden
27%
1992Ludmila Narozhilenko12.26Soviet Union
27%
1991Ludmila Narozhilenko12.28Soviet Union
27%
2001Anjanette Kirkland12.42United States
18%
2014Dawn Nelson12.44United States
18%
1998Glory Alozie12.44Nigeria
18%
2008Lolo Jones12.43United States
18%
2005Michelle Perry12.43United States
18%
2006Michelle Perry12.43United States
18%
2007Michelle Perry12.44United States
18%
2015Orlando Ortega12.94Cuba
18%
1980Renaldo Nehemiah13.21United States
18%
1979Renaldo Nehemiah13.00United States
18%
1981Renaldo Nehemiah12.93United States
18%
1999Mark Crear12.98United States
9%
1995Olga Shishigina12.44Kazakhstan
9%
2010Priscilla Lopes-Schliep12.52Netherlands
9%
2015Sharika Nelvis12.34United States
9%
1986Stéphane Caristan13.20France
9%
1977Alejandro Casañas13.21Cuba
0%
1983Bettine Jahn12.42East Germany
0%
1989Cornelia Oschkenat12.60East Germany
0%
1985Ginka Zagorcheva12.42Bulgaria
0%
1987Ginka Zagorcheva12.25Bulgaria
0%
1979Grazyna Rabsztyn12.48Poland
0%
1980Grazyna Rabsztyn12.36Poland
0%
1978Grazyna Rabsztyn12.48Poland
0%
2004Joanna Hayes12.37United States
0%
1984Lucyna Kalek12.43Poland
0%
1990Natalya Grigoryeva12.53Soviet Union
0%
1994Svetla Dimitrova12.53Bulgaria
0%
1981Tatyana Anisimova12.68Soviet Union
0%
1994Tatyana Reshetnikova12.53Russia
0%
1991Tony Dees13.05United States
0%

Score Distribution

Percentile by Number Answered

Percent of People with Each Score

Your Score History

You have not taken this quiz